Geography Quiz

Random Geography or City Quiz

State by Most Populous City Quiz Stats

 Plays Quiz not verified by Sporcle

Score 0/49 Timer 04:00
0 Plays Today
Most Populous City State % Correct
New York CityNew York
94.6%
HonoluluHawaii
94.1%
HoustonTexas
94%
Los AngelesCalifornia
93.8%
Las VegasNevada
93.5%
Atlanta Georgia
93.4%
IndianapolisIndiana
93.2%
PhoenixArizona
93.1%
Oklahoma CityOklahoma
93.1%
Denver Colorado
93.1%
Chicago Illinois
93%
Seattle Washington
92.9%
Salt Lake CityUtah
92.4%
Detroit Michigan
92.3%
MemphisTennessee
91.8%
PortlandMaine, Oregon
91.8%
New OrleansLouisiana
91.6%
PhiladelphiaPennsylvania
91.2%
AlbuquerqueNew Mexico
90.9%
MinneapolisMinnesota
90.6%
BostonMassachusetts
90.6%
Virginia BeachVirginia
90.3%
BaltimoreMaryland
89.7%
ColumbusOhio
89.6%
AnchorageAlaska
89.5%
Most Populous City State % Correct
Little RockArkansas
89.4%
ProvidenceRhode Island
88.2%
BoiseIdaho
87.7%
NewarkNew Jersey
87.5%
JacksonvilleFlorida
86.8%
BirminghamAlabama
86.4%
Des MoinesIowa
86.4%
MilwaukeeWisconsin
85.7%
CharlotteNorth Carolina
85.6%
OmahaNebraska
85.3%
LouisvilleKentucky
84.4%
JacksonMississippi
83.4%
Kansas CityMissouri
83.3%
WichitaKansas
82.1%
CheyenneWyoming
81.3%
FargoNorth Dakota
77.9%
Sioux FallsSouth Dakota
76.5%
CharlestonWest Virginia
73.8%
ColumbiaSouth Carolina
73.6%
BillingsMontana
73.1%
BurlingtonVermont
70.3%
ManchesterNew Hampshire
69.8%
BridgeportConnecticut
68.6%
WilmingtonDelaware
67.4%

You're not logged in!

Compare scores with friends on all Sporcle quizzes.
OR
Log In

Show Comments

Extras

Top Quizzes Today


Score Distribution

Your Account Isn't Verified!

In order to create a playlist on Sporcle, you need to verify the email address you used during registration. Go to your Sporcle Settings to finish the process.

Report this User

Report this user for behavior that violates our Community Guidelines.

Details: